| 000 | 00645nam a2200181Ia 4500 | ||
|---|---|---|---|
| 003 | GCL | ||
| 008 | 140319s9999 xx 000 0 ara d | ||
| 040 |
_aGCL / _cGCL |
||
| 082 | 0 | 4 |
_aق _b962.15 _bع ق |
| 100 | 1 | _aعبدالعزيز محمد الشناوى | |
| 245 | 1 | 0 |
_aقناة السويس والتيارات السياسية التى احاطت باءنشائها / _cعبدالعزيز محمد الشناوى |
| 300 | _a610 ص | ||
| 490 | _a | ||
| 650 | 0 | 4 | _aالاحوال السياسية |
| 650 | 0 | 4 | _aمصر - تاريخ - العصر الحديث (1805 - 1956 ) |
| 650 | 0 | 4 | _aقناة السويس - تاريخ |
| 942 |
_2ddc _cBK |
||
| 999 |
_c45448 _d45448 |
||